[Event "Hotel Montesano Open A"]
[Site "Villa San Giovanni ITA"]
[Date "2005.08.07"]
[Round "1"]
[White "Guidi, Maurizio"]
[Black "Drazic, Sinisa"]
[Result "0-1"]
[WhiteElo "2079"]
[BlackElo "2497"]
[PlyCount "60"]
[EventDate "2005.08.07"]

1.d4 d6 2.Nc3 a6 3.e4 Nd7 4.f4 b5 5.Nf3 e6 6.a3 c5 7.dxc5 Nxc5 8.b4 Nd7 9.
Bd3 Qc7 10.Bd2 Be7 11.Ne2 Bf6 12.Rb1 Nb6 13.O-O Bb7 14.Ng3 h5 15.Qe2 h4 
16.Nh1 h3 17.g3 Rc8 18.Nf2 Na4 19.e5 dxe5 20.Nxe5 Ne7 21.Rfe1 Nd5 22.Rb3 
Ndc3 23.Bxc3 Nxc3 24.Rxc3 Qxc3 25.Nxf7 O-O 26.Qxe6 Rxf7 27.Bg6 Rf8 28.
Bxf7+ Rxf7 29.Qe8+ Kh7 30.Re3 Qxc2 0-1

[Event "Hotel Montesano Open A"]
[Site "Villa San Giovanni ITA"]
[Date "2005.08.07"]
[Round "1"]
[White "Lazarev, Vladimir"]
[Black "Pegoraro, Nicola"]
[Result "1-0"]
[WhiteElo "2518"]
[BlackElo "2085"]
[PlyCount "77"]
[EventDate "2005.08.07"]

1.d4 f5 2.g3 Nf6 3.Bg2 g6 4.Nf3 Bg7 5.b4 c6 6.c4 O-O 7.Bb2 Ne4 8.O-O a5 9.
b5 Qc7 10.a4 d6 11.Nbd2 Nxd2 12.Nxd2 Nd7 13.Rc1 Rb8 14.c5 d5 15.Nb3 Ra8 
16.Bc3 e5 17.Bxa5 Rxa5 18.b6 Nxb6 19.cxb6 Qxb6 20.Nxa5 Qxa5 21.dxe5 Bxe5 
22.e3 Rd8 23.Qb3 Kg7 24.Rfd1 Bf6 25.Rc2 Qa7 26.Qb4 Be6 27.Rb1 Rd7 28.Rd1 
Be7 29.Qd4+ Qxd4 30.exd4 Bd8 31.Rb1 Rc7 32.a5 Bc8 33.Bxd5 Re7 34.a6 bxa6 
35.Rxc6 Bb7 36.Rc5 Bxd5 37.Rxd5 Bc7 38.Rc5 Kf7 39.Rc6 1-0

[Event "Hotel Montesano Open A"]
[Site "Villa San Giovanni ITA"]
[Date "2005.08.07"]
[Round "1"]
[White "Manca, Federico"]
[Black "Panarello, Giuseppe"]
[Result "1-0"]
[WhiteElo "2390"]
[BlackElo "2006"]
[PlyCount "51"]
[EventDate "2005.08.07"]

1.e4 c5 2.c3 d6 3.d4 cxd4 4.cxd4 a6 5.a4 Nf6 6.Nc3 e6 7.Nf3 b6 8.Bd3 Bb7 
9.O-O Be7 10.Qe2 O-O 11.Bg5 Nfd7 12.Be3 Re8 13.Rad1 Nf8 14.e5 Nbd7 15.Ne4 
Qb8 16.Bf4 Ng6 17.Bg3 dxe5 18.Nxe5 Ndxe5 19.dxe5 Rd8 20.Nd6 Bxd6 21.exd6 
Rd7 22.f4 Qd8 23.f5 Nf8 24.Bc4 exf5 25.Rxf5 Ng6 26.Bxf7+ 1-0

[Event "Hotel Montesano Open A"]
[Site "Villa San Giovanni ITA"]
[Date "2005.08.07"]
[Round "1"]
[White "Mihalj, Miroslav M."]
[Black "Falcomata', Gesualdo"]
[Result "1-0"]
[WhiteElo "2298"]
[BlackElo "1918"]
[PlyCount "33"]
[EventDate "2005.08.07"]

1.e4 e5 2.f4 exf4 3.Bc4 d6 4.Nf3 Be7 5.d4 g5 6.O-O Be6 7.Qe2 Nd7 8.Bxe6 
fxe6 9.Nxg5 Bxg5 10.Qh5+ Kf8 11.Bxf4 Bxf4 12.Rxf4+ Ndf6 13.Nc3 Qe8 14.Qh4 
Kg7 15.e5 Qh5 16.exf6+ Kh6 17.f7 1-0

[Event "Hotel Montesano Open A"]
[Site "Villa San Giovanni ITA"]
[Date "2005.08.07"]
[Round "1"]
[White "Okhotnik, Vladimir"]
[Black "Caracci, Giuseppe"]
[Result "1-0"]
[WhiteElo "2404"]
[BlackElo "2064"]
[PlyCount "57"]
[EventDate "2005.08.07"]

1.Nf3 Nf6 2.d4 d5 3.e3 e6 4.Bd3 c5 5.b3 Nc6 6.O-O Bd6 7.Bb2 a6 8.Nbd2 Qc7 
9.dxc5 Bxc5 10.c4 e5 11.cxd5 Nxd5 12.Rc1 b6 13.a3 f6 14.b4 Be7 15.Qc2 Bb7 
16.b5 axb5 17.Bxb5 Rc8 18.Qb3 Qd8 19.Rfd1 Kf8 20.Nc4 e4 21.Bxc6 Bxc6 22.
Nd4 Bd7 23.Nd2 Rxc1 24.Rxc1 Qa8 25.Nxe4 f5 26.Ng3 f4 27.Ngf5 Bf6 28.e4 Ne7
29.Nd6 1-0

[Event "Hotel Montesano Open A"]
[Site "Villa San Giovanni ITA"]
[Date "2005.08.07"]
[Round "1"]
[White "Pattarello, Pierluigi"]
[Black "Vocaturo, Daniele"]
[Result "0-1"]
[WhiteElo "2006"]
[BlackElo "2372"]
[PlyCount "63"]
[EventDate "2005.08.07"]

1.d4 Nf6 2.c4 g6 3.Nc3 Bg7 4.e4 d6 5.f4 O-O 6.Nf3 Na6 7.e5 Nd7 8.Be2 c5 9.
exd6 exd6 10.d5 Nf6 11.O-O Re8 12.h3 Nc7 13.Kh2 Bf5 14.Bd3 Qd7 15.Bxf5 
Qxf5 16.g4 Qd7 17.Qd3 Rab8 18.Bd2 b5 19.cxb5 Nxb5 20.Nxb5 Qxb5 21.Qxb5 
Rxb5 22.b3 Re2+ 23.Kh1 Nxd5 24.Rae1 Rxe1 25.Rxe1 Kf8 26.Ng5 Nf6 27.Bc3 h6 
28.Bxf6 Bxf6 29.Nh7+ Kg7 30.Nxf6 Kxf6 31.Rd1 Ke7 32.Rd2 0-1

[Event "Hotel Montesano Open A"]
[Site "Villa San Giovanni ITA"]
[Date "2005.08.07"]
[Round "1"]
[White "Rombaldoni, Axel"]
[Black "Dini, Andrea"]
[Result "1-0"]
[WhiteElo "2137"]
[BlackElo "1875"]
[PlyCount "67"]
[EventDate "2005.08.07"]

1.e4 c5 2.Nf3 d6 3.d4 cxd4 4.Nxd4 Nf6 5.Nc3 g6 6.Be3 Bg7 7.f3 O-O 8.Bc4 
Nc6 9.Bb3 Bd7 10.Qd2 Rc8 11.g4 Ne5 12.h4 Qa5 13.O-O-O Rc4 14.Bxc4 Nxc4 15.
Qe1 Qb4 16.Nb3 Rc8 17.Bd4 e5 18.Bf2 Be6 19.g5 Ne8 20.Nd5 Qxe1 21.Rhxe1 
Bxd5 22.Rxd5 b6 23.Nd2 Nxd2 24.Rxd2 Kf8 25.a4 Rc7 26.Re3 h5 27.Rb3 Rb7 28.
a5 b5 29.a6 Rb8 30.Rd5 b4 31.c3 Ke7 32.Rxb4 Rxb4 33.cxb4 Nc7 34.Ra5 1-0

[Event "Hotel Montesano Open A"]
[Site "Villa San Giovanni ITA"]
[Date "2005.08.07"]
[Round "1"]
[White "Rombaldoni, Denis"]
[Black "Hirneise, Jens"]
[Result "1-0"]
[WhiteElo "2327"]
[BlackElo "2001"]
[PlyCount "65"]
[EventDate "2005.08.07"]

1.d4 Nf6 2.c4 g6 3.Nc3 Bg7 4.Nf3 d6 5.Bg5 O-O 6.e3 Nbd7 7.Be2 c6 8.O-O Qc7
9.Qc2 e5 10.Rad1 h6 11.Bh4 g5 12.Bg3 Nh5 13.Nxg5 hxg5 14.Bxh5 Nf6 15.Be2 
b6 16.b4 Qe7 17.c5 dxc5 18.bxc5 Nd7 19.cxb6 axb6 20.d5 Bb7 21.Qf5 Nc5 22.
Bf3 Bc8 23.Qc2 g4 24.Be2 f5 25.dxc6 f4 26.Nd5 Qg5 27.exf4 exf4 28.Nxf4 
Rxf4 29.Bxf4 Qxf4 30.Rd8+ Kf7 31.Qh7 Rxa2 32.Bc4+ Qxc4 33.Qg8+ 1-0

[Event "Hotel Montesano Open A"]
[Site "Villa San Giovanni ITA"]
[Date "2005.08.07"]
[Round "1"]
[White "Rosolia, Giuseppe"]
[Black "Xia, Jie"]
[Result "0-1"]
[WhiteElo "1829"]
[BlackElo "2121"]
[PlyCount "54"]
[EventDate "2005.08.07"]

1.e4 c5 2.Nf3 d6 3.d3 Nc6 4.g3 g6 5.Bg2 Bg7 6.O-O Bd7 7.c3 Qc8 8.Re1 Bg4 
9.Nbd2 h5 10.Nc4 h4 11.Bf4 Qd7 12.gxh4 Rxh4 13.Qa4 Bxf3 14.Bxf3 Rxf4 15.
Nb6 Qh3 16.Nxa8 Qxf3 17.Qc2 Qh3 18.Re3 Rg4+ 19.Rg3 Be5 20.f3 Rxg3+ 21.hxg3
Qxg3+ 22.Qg2 Kd7 23.Qxg3 Bxg3 24.Kg2 Be5 25.Rh1 Nf6 26.Kf2 Nh5 27.Ke3 Kc8 
0-1

[Event "Hotel Montesano Open A"]
[Site "Villa San Giovanni ITA"]
[Date "2005.08.07"]
[Round "1"]
[White "Sarno, Spartaco"]
[Black "Cavallini, Gianfranco"]
[Result "1/2-1/2"]
[WhiteElo "2371"]
[BlackElo "2005"]
[PlyCount "53"]
[EventDate "2005.08.07"]

1.e4 c5 2.Nf3 d6 3.d4 cxd4 4.Nxd4 Nf6 5.Nc3 e6 6.Be3 Be7 7.f3 Nc6 8.Qd2 a6
9.O-O-O Qc7 10.g4 Nd7 11.g5 Nde5 12.Qg2 Nxd4 13.Bxd4 Nc6 14.Be3 b5 15.f4 
Bb7 16.Kb1 d5 17.exd5 Nb4 18.Qf2 Nxd5 19.Nxd5 Bxd5 20.Bg2 Bxg2 21.Qxg2 O-O
22.Qe4 Rad8 23.c3 Bc5 24.Bxc5 Qxc5 25.h4 g6 26.a3 h5 27.gxh6 1/2-1/2

[Event "Hotel Montesano Open A"]
[Site "Villa San Giovanni ITA"]
[Date "2005.08.07"]
[Round "1"]
[White "Scharrer, Patrick"]
[Black "Nicoletti, Francesco"]
[Result "1-0"]
[WhiteElo "2209"]
[BlackElo "1903"]
[PlyCount "117"]
[EventDate "2005.08.07"]

1.e4 Nf6 2.e5 Nd5 3.d4 d6 4.Nf3 g6 5.Bc4 c6 6.O-O Bg7 7.Bg5 O-O 8.Re1 Be6 
9.Qd2 dxe5 10.dxe5 Nd7 11.Bh6 Qc7 12.Bxg7 Kxg7 13.Nc3 N7b6 14.Nxd5 Bxd5 
15.Bxd5 Nxd5 16.c4 Nb6 17.Qc3 e6 18.Ng5 Rad8 19.Ne4 Qe7 20.Re3 c5 21.Rh3 
Rd4 22.Nf6 h5 23.Nxh5+ gxh5 24.Rxh5 Rg8 25.b3 Kf8 26.Qf3 Qd8 27.Rh6 Rd3 
28.Qh5 Qg5 29.Qxg5 Rxg5 30.f4 Rg8 31.g3 Ke7 32.Kf2 Rd2+ 33.Kf3 Rgd8 34.Rh7
Nd7 35.Rg7 Nb8 36.h4 Nc6 37.h5 Nd4+ 38.Kg4 Nf5 39.Rg5 Nh6+ 40.Kh3 R8d3 41.
Rg7 Nf5 42.Rg8 Rf2 43.Rh1 Rxf4 44.Kg2 Rg4 45.Rxg4 Ne3+ 46.Kh3 Nxg4 47.Kxg4
Kf8 48.h6 Kg8 49.h7+ Kh8 50.Rh3 Rd8 51.Kg5 Kg7 52.h8=Q+ Rxh8 53.Rxh8 Kxh8 
54.Kf6 Kg8 55.g4 Kf8 56.g5 Ke8 57.g6 fxg6 58.Kxe6 b6 59.Kf6 1-0

[Event "Hotel Montesano Open A"]
[Site "Villa San Giovanni ITA"]
[Date "2005.08.07"]
[Round "1"]
[White "Vespia, Gianmarco"]
[Black "Estremera Panos, Sergio"]
[Result "0-1"]
[WhiteElo "2003"]
[BlackElo "2367"]
[PlyCount "68"]
[EventDate "2005.08.07"]

1.e4 c5 2.Nf3 d6 3.d4 cxd4 4.Nxd4 Nf6 5.Nc3 Nc6 6.f3 e5 7.Ndb5 a6 8.Na3 
Be6 9.Be3 Rc8 10.Nc4 Nb4 11.Nb6 Rc6 12.Nbd5 Bxd5 13.exd5 Nfxd5 14.Nxd5 
Nxc2+ 15.Kf2 Nxa1 16.Qxa1 Be7 17.Qd1 Bg5 18.Bd3 Bxe3+ 19.Nxe3 d5 20.Qb3 
O-O 21.Nxd5 Rd6 22.Rd1 Qh4+ 23.Kg1 Rfd8 24.g3 Qd4+ 25.Kf1 Rxd5 26.Bxh7+ 
Kxh7 27.Rxd4 exd4 28.Ke2 d3+ 29.Kd2 Re5 30.Qxf7 Re2+ 31.Kd1 d2 32.Kxe2 
d1=Q+ 33.Ke3 Qd2+ 34.Ke4 Qd4+ 0-1

[Event "Hotel Montesano Open A"]
[Site "Villa San Giovanni ITA"]
[Date "2005.08.08"]
[Round "2"]
[White "Armentano, Alessio"]
[Black "Seminara, Antonio"]
[Result "1-0"]
[WhiteElo "2092"]
[BlackElo "1907"]
[PlyCount "49"]
[EventDate "2005.08.07"]

1.e4 c5 2.Nc3 g6 3.g3 Bg7 4.Bg2 e6 5.d3 Ne7 6.f4 d5 7.e5 a6 8.Nf3 Nbc6 9.
O-O O-O 10.g4 f5 11.g5 b5 12.h4 h5 13.gxh6 Bxh6 14.Ne2 Kf7 15.Bd2 Rh8 16.
Qe1 Qb6 17.Qg3 Bd7 18.c3 Rag8 19.Be3 b4 20.Qf2 Qb5 21.c4 dxc4 22.dxc4 Qxc4
23.Rfc1 Qb5 24.Rxc5 Qd3 25.Ne1 1-0

[Event "Hotel Montesano Open A"]
[Site "Villa San Giovanni ITA"]
[Date "2005.08.08"]
[Round "2"]
[White "Borin, Fabio"]
[Black "Blandini, Carmelo"]
[Result "1-0"]
[WhiteElo "2184"]
[BlackElo "1929"]
[PlyCount "63"]
[EventDate "2005.08.07"]

1.e4 e6 2.Nf3 d5 3.Nc3 dxe4 4.Nxe4 Nd7 5.d4 Ngf6 6.Nxf6+ Nxf6 7.Bg5 Be7 8.
Bd3 h6 9.Bh4 O-O 10.Qe2 c5 11.O-O-O cxd4 12.Nxd4 Nd5 13.Bg3 Qa5 14.Kb1 Qb6
15.Ka1 f5 16.Nxf5 exf5 17.Bc4 Bf6 18.Bxd5+ Kh8 19.Be5 Bxe5 20.Qxe5 Qxf2 
21.Qe7 Rg8 22.Bxg8 Kxg8 23.Rd8+ Kh7 24.Qc7 Qxg2 25.Rc1 Qg5 26.Kb1 f4 27.
Rxc8 Rxc8 28.Qxc8 Qh5 29.Qxb7 Qxh2 30.Qe4+ Kg8 31.Qe6+ Kh7 32.Qf5+ 1-0

[Event "Hotel Montesano Open A"]
[Site "Villa San Giovanni ITA"]
[Date "2005.08.08"]
[Round "2"]
[White "Caracci, Giuseppe"]
[Black "Ammendolea, Massimo"]
[Result "1-0"]
[WhiteElo "2064"]
[BlackElo "1871"]
[PlyCount "47"]
[EventDate "2005.08.07"]

1.d4 Nf6 2.Nf3 e6 3.Bf4 c5 4.e3 Qb6 5.b3 Nd5 6.Bxb8 Rxb8 7.c4 Nf6 8.Bd3 
cxd4 9.exd4 Qa5+ 10.Nbd2 b6 11.O-O Bb7 12.Qe2 Qh5 13.Ne4 Bxe4 14.Bxe4 Bd6 
15.Rfe1 Bb4 16.Red1 Qg4 17.Bc2 d5 18.cxd5 Nxd5 19.Qb5+ Ke7 20.Ne5 Qh5 21.
Nc6+ Kf6 22.Nxb4 Rhd8 23.Nxd5+ Rxd5 24.Qd3 1-0

[Event "Hotel Montesano Open A"]
[Site "Villa San Giovanni ITA"]
[Date "2005.08.08"]
[Round "2"]
[White "Cavallini, Gianfranco"]
[Black "Sardo, Gabriele"]
[Result "1-0"]
[WhiteElo "2005"]
[BlackElo "2222"]
[PlyCount "93"]
[EventDate "2005.08.07"]

1.c4 c5 2.Nc3 Nc6 3.g3 g6 4.d3 Bg7 5.Bg2 d6 6.e4 e6 7.Nge2 Nge7 8.h4 Rb8 
9.h5 a6 10.h6 Bf6 11.a4 O-O 12.Bf4 b6 13.g4 Bh8 14.Ng3 Nd4 15.Nf1 b5 16.
Ne3 Nec6 17.Bg3 bxa4 18.Nxa4 Rb4 19.O-O Bb7 20.f4 Qe7 21.Be1 Rb3 22.Ra3 
Rxa3 23.bxa3 Rb8 24.g5 Ba8 25.Bc3 Rb3 26.e5 Rxa3 27.Bb2 Ra2 28.Bxd4 Rxg2+ 
29.Nxg2 Nxd4 30.Qb1 dxe5 31.Qb8+ Qf8 32.Rb1 Nc6 33.Qxf8+ Kxf8 34.Nb6 Bb7 
35.Nd7+ Ke7 36.Rxb7 Nd8 37.Ra7 exf4 38.Nf6+ Kd6 39.Rd7+ Ke5 40.Rxd8 Bxf6 
41.gxf6 g5 42.Kf2 Kxf6 43.Rc8 e5 44.Rxc5 Ke6 45.Kf3 f5 46.Rc6+ Ke7 47.Nxf4
1-0

[Event "Hotel Montesano Open A"]
[Site "Villa San Giovanni ITA"]
[Date "2005.08.08"]
[Round "2"]
[White "Dini, Andrea"]
[Black "Pattarello, Pierluigi"]
[Result "1-0"]
[WhiteElo "1875"]
[BlackElo "2006"]
[PlyCount "57"]
[EventDate "2005.08.07"]

1.d4 Nf6 2.c4 e6 3.Nc3 Bb4 4.g3 c5 5.Nf3 O-O 6.Bg2 d5 7.a3 cxd4 8.Nxd4 
Bxc3+ 9.bxc3 dxc4 10.Qa4 e5 11.Nf3 Qc7 12.Nd2 Be6 13.Rb1 Nc6 14.Nxc4 Bd5 
15.O-O Bxg2 16.Kxg2 Nd5 17.Qb3 b6 18.Rd1 Nf6 19.a4 Rad8 20.Ba3 Rfe8 21.Nd6
Re6 22.Nb5 Qb8 23.Rxd8+ Nxd8 24.Rd1 Nb7 25.Qc4 Ne8 26.Rd7 Nbd6 27.Bxd6 
Rxd6 28.Qxf7+ Kh8 29.Qf8# 1-0

[Event "Hotel Montesano Open A"]
[Site "Villa San Giovanni ITA"]
[Date "2005.08.08"]
[Round "2"]
[White "Drazic, Sinisa"]
[Black "Scharrer, Patrick"]
[Result "1-0"]
[WhiteElo "2497"]
[BlackElo "2209"]
[PlyCount "53"]
[EventDate "2005.08.07"]

1.e4 c5 2.Nf3 Nc6 3.Bb5 g6 4.O-O Bg7 5.Re1 e5 6.Bxc6 dxc6 7.d3 Qe7 8.Be3 
Nf6 9.h3 O-O 10.Nbd2 Rd8 11.a3 Nd7 12.Qb1 Nf8 13.b4 Ne6 14.Nc4 Nd4 15.Nfd2
cxb4 16.axb4 Be6 17.Qb2 Qh4 18.c3 Nb5 19.Qc2 f5 20.exf5 Bxf5 21.Ne4 Rxd3 
22.Qxd3 Bxe4 23.Qf1 Rd8 24.Nb2 a6 25.Bb6 Rd2 26.Qc4+ Kh8 27.Rxe4 1-0

[Event "Hotel Montesano Open A"]
[Site "Villa San Giovanni ITA"]
[Date "2005.08.08"]
[Round "2"]
[White "Efimov, Igor"]
[Black "Rombaldoni, Axel"]
[Result "1-0"]
[WhiteElo "2401"]
[BlackElo "2137"]
[PlyCount "51"]
[EventDate "2005.08.07"]

1.d4 d5 2.c4 c6 3.Nc3 e6 4.e3 f5 5.Bd3 Nf6 6.Nge2 Bd6 7.Qc2 O-O 8.f3 Nh5 
9.g3 b6 10.Bd2 Ba6 11.b3 Bb7 12.O-O Na6 13.a3 Rc8 14.e4 fxe4 15.fxe4 Bxa3 
16.exd5 cxd5 17.Bxh7+ Kh8 18.Bg6 Rxf1+ 19.Rxf1 Nf6 20.Bg5 dxc4 21.Bf7 Be7 
22.Rf4 Ng8 23.Rh4+ Nh6 24.Nf4 Qxd4+ 25.Kf1 Be4 26.Nxe4 1-0

[Event "Hotel Montesano Open A"]
[Site "Villa San Giovanni ITA"]
[Date "2005.08.08"]
[Round "2"]
[White "Falcomata', Gesualdo"]
[Black "Guidi, Maurizio"]
[Result "1-0"]
[WhiteElo "1918"]
[BlackElo "2079"]
[PlyCount "99"]
[EventDate "2005.08.07"]

1.c4 Nf6 2.Nf3 g6 3.g3 Bg7 4.Bg2 O-O 5.O-O d6 6.d4 Nbd7 7.Nc3 c5 8.e3 a6 
9.a4 Qc7 10.Qe2 Rb8 11.Bd2 b6 12.Rac1 Bb7 13.d5 e6 14.dxe6 fxe6 15.Bh3 
Rfe8 16.e4 Qc6 17.Ng5 Nf8 18.Bg2 Rbd8 19.Nh3 Qc7 20.Nf4 Kh8 21.Be3 N8d7 
22.Nd3 Qb8 23.Bg5 Qa8 24.Nf4 Ne5 25.Rfe1 Nf7 26.h4 Ne5 27.h5 h6 28.Bxf6 
Bxf6 29.hxg6 Bg5 30.g7+ Kh7 31.Rcd1 Bxf4 32.gxf4 Ng6 33.Qg4 Rd7 34.f5 Ne5 
35.Qf4 Rxg7 36.Rxd6 Reg8 37.Qxe5 Rxg2+ 38.Kf1 Qe8 39.Rxe6 Rg1+ 40.Ke2 Qh5+
41.Kd2 Qg5+ 42.Re3 Qh4 43.Re7+ R8g7 44.Rxg7+ Rxg7 45.Rg3 Rd7+ 46.Nd5 Bxd5 
47.cxd5 Re7 48.Qd6 Rg7 49.Rxg7+ Kxg7 50.Qg6+ 1-0

[Event "Hotel Montesano Open A"]
[Site "Villa San Giovanni ITA"]
[Date "2005.08.08"]
[Round "2"]
[White "Gasperoni, Claudio"]
[Black "Rombaldoni, Denis"]
[Result "0-1"]
[WhiteElo "1592"]
[BlackElo "2327"]
[PlyCount "60"]
[EventDate "2005.08.07"]

1.d4 Nf6 2.c4 e6 3.Nf3 b6 4.Bg5 Bb7 5.e3 h6 6.Bh4 Be7 7.Nc3 d6 8.Bd3 g5 9.
Bg3 g4 10.Nh4 h5 11.h3 c5 12.d5 Nxd5 13.cxd5 Bxh4 14.Bb5+ Kf8 15.dxe6 Bxg3
16.fxg3 Bxg2 17.Rh2 Bf3 18.Rf2 Bxd1 19.Rxf7+ Kg8 20.Nd5 Bf3 21.Ne7+ Qxe7 
22.Rxe7 a6 23.Bd7 Nxd7 24.exd7 Kf8 25.Re6 Rd8 26.Rxd6 Ke7 27.Rxb6 gxh3 28.
Kf2 Rhf8 29.Kg1 Rxd7 30.Rxa6 Rd2 0-1

[Event "Hotel Montesano Open A"]
[Site "Villa San Giovanni ITA"]
[Date "2005.08.08"]
[Round "2"]
[White "Genocchio, Daniele"]
[Black "Lupo, Francesco"]
[Result "1-0"]
[WhiteElo "2306"]
[BlackElo "1891"]
[PlyCount "61"]
[EventDate "2005.08.07"]

1.e4 Nc6 2.d4 d5 3.Nc3 e5 4.dxe5 dxe4 5.Qxd8+ Kxd8 6.Bg5+ Nge7 7.O-O-O+ 
Bd7 8.Nxe4 h6 9.e6 fxe6 10.Nc5 hxg5 11.Rxd7+ Kc8 12.Rd2 e5 13.Bc4 Nd8 14.
Nf3 Nec6 15.Ne6 Be7 16.Nexg5 Rf8 17.h4 Rf4 18.Bd5 Bd6 19.g3 Rf8 20.Re1 Re8
21.Re4 Re7 22.c3 a5 23.h5 a4 24.Nh4 Ra5 25.Nf5 Rd7 26.Be6 Nxe6 27.Nxe6 Nd8
28.Nexg7 Nf7 29.Ne6 Be7 30.h6 Ng5 31.Nxe7+ 1-0

[Event "Hotel Montesano Open A"]
[Site "Villa San Giovanni ITA"]
[Date "2005.08.08"]
[Round "2"]
[White "Grimaldi, Fabio"]
[Black "Vespia, Gianmarco"]
[Result "0-1"]
[WhiteElo "1844"]
[BlackElo "2003"]
[PlyCount "66"]
[EventDate "2005.08.07"]

1.e4 c6 2.d4 d5 3.Nd2 dxe4 4.Nxe4 Bf5 5.Ng3 Bg6 6.h4 h6 7.Nf3 Nd7 8.h5 Bh7
9.Bd3 Bxd3 10.Qxd3 Qc7 11.Bd2 e6 12.O-O-O Ngf6 13.Qe2 O-O-O 14.Ne5 Nxe5 
15.dxe5 Nd5 16.Qe1 Be7 17.f4 Rd7 18.Ne4 Qb6 19.Rh3 Qa6 20.Kb1 Rhd8 21.a3 
Nxf4 22.Rf3 Nxg2 23.Qf2 Nh4 24.Rxf7 Nf5 25.Qf3 Qb6 26.Kc1 Bxa3 27.Qxa3 
Rxf7 28.Nd6+ Nxd6 29.Ba5 Nc4 30.Rxd8+ Qxd8 31.Qh3 Qxa5 32.Qxe6+ Rd7 33.c3 
Qa1+ 0-1

[Event "Hotel Montesano Open A"]
[Site "Villa San Giovanni ITA"]
[Date "2005.08.08"]
[Round "2"]
[White "Guliyev, Namig"]
[Black "Mihalj, Miroslav M."]
[Result "0-1"]
[WhiteElo "2555"]
[BlackElo "2298"]
[PlyCount "106"]
[EventDate "2005.08.07"]

1.e4 e5 2.Nf3 Nf6 3.d4 Nxe4 4.Bd3 d5 5.Nxe5 Nd7 6.Nxd7 Bxd7 7.O-O Bd6 8.
Nc3 Nxc3 9.bxc3 O-O 10.Qh5 f5 11.Rb1 b6 12.Re1 c6 13.Bg5 Qc7 14.Re2 g6 15.
Qh4 Rae8 16.Rbe1 Rxe2 17.Rxe2 Re8 18.c4 Rxe2 19.Bxe2 Bc8 20.cxd5 cxd5 21.
Bd3 Qc3 22.g3 Qa3 23.Bh6 Be7 24.Qf4 Qd6 25.Qe3 Qe6 26.Qxe6+ Bxe6 27.Bf4 
Kf7 28.Bb8 Bd8 29.Ba6 Ke7 30.Kf1 Kd7 31.Ke2 Bc7 32.Bxa7 Kc6 33.a4 g5 34.
Kd3 h5 35.a5 b5 36.Bc5 Bxa5 37.c3 Bb6 38.Be7 Bc7 39.Bc5 h4 40.Kc2 h3 41.
Kb3 f4 42.gxf4 Bxf4 43.Kb4 Bxh2 44.Bxb5+ Kc7 45.f3 Bd6 46.Bf1 h2 47.Bg2 
Bh3 48.Bh1 Bf1 49.Bxd6+ Kxd6 50.Kb3 Bd3 51.c4 dxc4+ 52.Kc3 Kd5 53.Bg2 g4 
0-1

[Event "Hotel Montesano Open A"]
[Site "Villa San Giovanni ITA"]
[Date "2005.08.08"]
[Round "2"]
[White "Hirneise, Jens"]
[Black "Cordi', Domenico"]
[Result "1-0"]
[WhiteElo "2001"]
[BlackElo "2086"]
[PlyCount "69"]
[EventDate "2005.08.07"]

1.e4 c5 2.Nf3 d6 3.d4 cxd4 4.Nxd4 Nf6 5.Nc3 a6 6.Be3 e6 7.f3 Be7 8.Qd2 Qc7
9.g4 Nc6 10.O-O-O h6 11.h4 Bd7 12.Bh3 Nxd4 13.Qxd4 O-O-O 14.Qb4 Rde8 15.
Qb3 g6 16.Bb6 Qc6 17.Rd4 d5 18.exd5 exd5 19.Nxd5 Kb8 20.Nc7 Rc8 21.Rc4 Be6
22.Rxc6 Bxb3 23.Nxa6+ bxa6 24.Rxc8+ Rxc8 25.axb3 Nd5 26.Bf2 Bd6 27.Bf1 
Bf4+ 28.Kb1 Kb7 29.Bc4 Rd8 30.Re1 Rd7 31.Re4 g5 32.hxg5 hxg5 33.Rd4 Kc6 
34.Bxa6 Be5 35.Rc4+ 1-0

[Event "Hotel Montesano Open A"]
[Site "Villa San Giovanni ITA"]
[Date "2005.08.08"]
[Round "2"]
[White "Hirneise, Tobias"]
[Black "Okhotnik, Vladimir"]
[Result "0-1"]
[WhiteElo "2131"]
[BlackElo "2404"]
[PlyCount "174"]
[EventDate "2005.08.07"]

1.e4 g6 2.d4 Bg7 3.Nc3 d6 4.g3 Nf6 5.Bg2 O-O 6.Nge2 Nbd7 7.O-O a6 8.h3 c5 
9.Be3 cxd4 10.Nxd4 e6 11.Qe2 Qc7 12.Rad1 Nb6 13.f4 Nc4 14.Bc1 e5 15.fxe5 
dxe5 16.Nb3 Be6 17.Qf2 Rac8 18.Nd5 Bxd5 19.exd5 Nd6 20.c3 Nfe4 21.Qe1 f5 
22.Be3 Rce8 23.Nd2 Nxg3 24.Qxg3 f4 25.Qf2 fxe3 26.Qxe3 Nf5 27.Qd3 Qb6+ 28.
Kh1 Qxb2 29.Rb1 Qa3 30.Ne4 Nd6 31.Nxd6 Qxd6 32.Rxb7 e4 33.Rxf8+ Bxf8 34.
Qc4 e3 35.Rb2 Kh8 36.Re2 Qb8 37.Qd3 Bc5 38.d6 Qxd6 39.Qxd6 Bxd6 40.Bd5 Bc5
41.Kg2 Rf8 42.Bc4 a5 43.Rb2 Be7 44.Bd5 a4 45.Re2 Bc5 46.a3 Kg7 47.Bc6 Rf4 
48.Bb5 Kf6 49.c4 Ke5 50.Bxa4 Kd4 51.Bd1 Bxa3 52.Ra2 Bb4 53.Bf3 Kxc4 54.Ra7
Rh4 55.Rd7 g5 56.Be2+ Kc5 57.Bf3 h6 58.Be2 Rf4 59.Bf3 Kb6 60.Rb7+ Ka6 61.
Rb8 Bc5 62.Rb2 Bd4 63.Rb1 Ka5 64.Rf1 Rf6 65.Rb1 Bc5 66.Rb2 Ka4 67.Rb1 Bd4 
68.Kg3 Ka3 69.Rb5 Bc3 70.Kg2 Ka4 71.Rb1 Ba5 72.Rb2 Be1 73.Rb1 Bh4 74.Rb2 
Ka3 75.Re2 Bf2 76.Rc2 Kb3 77.Rc6 e2 78.Rxf6 e1=Q 79.Bd5+ Kc3 80.Rxf2 h5 
81.Bf7 g4 82.hxg4 h4 83.Rf3+ Kd4 84.Bh5 Qe2+ 85.Rf2 h3+ 86.Kg3 Qe1 87.g5 
Ke3 0-1

[Event "Hotel Montesano Open A"]
[Site "Villa San Giovanni ITA"]
[Date "2005.08.08"]
[Round "2"]
[White "Naumkin, Igor"]
[Black "Tomaselli, Maurizio"]
[Result "1-0"]
[WhiteElo "2444"]
[BlackElo "2065"]
[PlyCount "45"]
[EventDate "2005.08.07"]

1.d4 Nf6 2.c4 e5 3.dxe5 Ng4 4.e4 Nxe5 5.f4 Nec6 6.Be3 d6 7.Nc3 Nd7 8.Bd3 
Nf6 9.h3 g6 10.Nf3 Bg7 11.O-O O-O 12.Qd2 Re8 13.Rae1 b6 14.Bf2 Nd7 15.Nd5 
Nc5 16.Bh4 f6 17.Be2 a5 18.e5 dxe5 19.fxe5 g5 20.Nxf6+ Bxf6 21.exf6 Qxd2 
22.f7+ Kxf7 23.Nxg5+ 1-0

[Event "Hotel Montesano Open A"]
[Site "Villa San Giovanni ITA"]
[Date "2005.08.08"]
[Round "2"]
[White "Nicoletti, Francesco"]
[Black "Altieri, Danilo Mario"]
[Result "1/2-1/2"]
[WhiteElo "1903"]
[BlackElo "2012"]
[PlyCount "83"]
[EventDate "2005.08.07"]

1.Nf3 d5 2.d4 c6 3.c4 e6 4.cxd5 exd5 5.Nc3 Nf6 6.Bg5 Be7 7.e3 Bf5 8.Bd3 
Bxd3 9.Qxd3 Nbd7 10.O-O h6 11.Bh4 g5 12.Bg3 Nh5 13.Be5 Nxe5 14.Nxe5 Bd6 
15.f4 Bxe5 16.fxe5 Qd7 17.Qe2 Ng7 18.Qf3 O-O 19.Qf6 Qe6 20.Ne2 Rae8 21.Ng3
Qxf6 22.Rxf6 Re6 23.Raf1 Ne8 24.R6f2 Ng7 25.Nf5 Nxf5 26.Rxf5 Kg7 27.Rf6 
Rxf6 28.Rxf6 Re8 29.Rd6 Re7 30.Kf2 h5 31.Kf3 Kf8 32.g3 Re6 33.Rd7 Re7 34.
Rd8+ Re8 35.Rxe8+ Kxe8 36.h4 f6 37.b4 gxh4 38.gxh4 fxe5 39.dxe5 Ke7 40.Kf4
Ke6 41.Kg5 Kxe5 42.Kxh5 1/2-1/2

[Event "Hotel Montesano Open A"]
[Site "Villa San Giovanni ITA"]
[Date "2005.08.08"]
[Round "2"]
[White "Panarello, Giuseppe"]
[Black "Rosolia, Giuseppe"]
[Result "0-1"]
[WhiteElo "2006"]
[BlackElo "1829"]
[PlyCount "78"]
[EventDate "2005.08.07"]

1.d4 Nf6 2.Nf3 g6 3.c4 Bg7 4.Nc3 d6 5.e4 O-O 6.Be2 e5 7.O-O Nc6 8.d5 Ne7 
9.Ne1 Nd7 10.Nd3 f5 11.f3 f4 12.Bd2 g5 13.b4 Rf7 14.Qb3 Bf8 15.Rac1 Ng6 
16.Na4 Nf6 17.Nf2 h5 18.h3 Ne8 19.c5 Rg7 20.Rc2 Nh4 21.cxd6 cxd6 22.Nc3 g4
23.hxg4 hxg4 24.fxg4 Nf6 25.Be1 Nh5 26.Nh3 Bxg4 27.Bxg4 Rxg4 28.Bxh4 Qxh4 
29.Ne2 Ng3 30.Nxg3 Rxg3 31.Rc3 Qxh3 32.Rxg3+ Qxg3 33.Rf3 Qe1+ 34.Kh2 Qxe4 
35.Qa4 Qf5 36.Rh3 a6 37.Qd1 Rc8 38.Rh5 Qg6 39.Rh4 Qg3+ 0-1

[Event "Hotel Montesano Open A"]
[Site "Villa San Giovanni ITA"]
[Date "2005.08.08"]
[Round "2"]
[White "Pegoraro, Nicola"]
[Black "Aliferopulos, Andrea"]
[Result "1-0"]
[WhiteElo "2085"]
[BlackElo "1909"]
[PlyCount "105"]
[EventDate "2005.08.07"]

1.e4 e5 2.Nf3 Nc6 3.d4 exd4 4.Bc4 Nf6 5.O-O Nxe4 6.Re1 d5 7.Bxd5 Qxd5 8.
Nc3 Qa5 9.Nxe4 Be6 10.Neg5 O-O-O 11.Nxe6 fxe6 12.Rxe6 Bd6 13.Bg5 Rdf8 14.
Qe2 h6 15.Bh4 g5 16.Bg3 Bxg3 17.hxg3 h5 18.Ne5 Nxe5 19.Qxe5 Qd2 20.Qe2 
Qxe2 21.Rxe2 Rh7 22.Rd1 Rd8 23.Re5 g4 24.Kf1 Rd6 25.Ke2 Rh8 26.Rh1 Rc6 27.
Kd3 Rf6 28.Rf1 h4 29.gxh4 Rxh4 30.Rg5 b6 31.Kxd4 g3+ 32.f4 Rhxf4+ 33.Rxf4 
Rxf4+ 34.Kd3 Rf7 35.Rxg3 Re7 36.Re3 Rg7 37.g3 Rg4 38.Ke2 Ra4 39.a3 a5 40.
Kf3 Rc4 41.c3 Kd7 42.g4 Rc5 43.Kf4 Rd5 44.g5 Rd2 45.g6 Rf2+ 46.Rf3 Rg2 47.
Rg3 Rf2+ 48.Ke3 Rf8 49.g7 Rg8 50.Ke4 Ke6 51.c4 Kf7 52.Kf5 c6 53.a4 1-0